Normal view
MARC view
- EXPONENTIAL SUMS.INTEGRAL.. FORMS MODULAR.DISCRETE MATHEMATICS
Entry Topical Term
001 - CONTROL NUMBER
- control field: 61747
003 - CONTROL NUMBER IDENTIFIER
- control field: NUST
005 - DATE AND TIME OF LATEST TRANSACTION
- control field: 20210628202817.0
008 - FIXED-LENGTH DATA ELEMENTS
- fixed length control field: 210628|| aca||aabn | a|a d
040 ## - CATALOGING SOURCE
- Original cataloging agency: NUST
- Transcribing agency: NUST
150 ## - HEADING--TOPICAL TERM
- Topical term or geographic name entry element: EXPONENTIAL SUMS.INTEGRAL.. FORMS MODULAR.DISCRETE MATHEMATICS
670 ## - SOURCE DATA FOUND
- Source citation: Work cat.: (NUST): Moreno, Carlos J, Wagstaff, Samuel S 61746, Sums of squares of integers, 2006
